Les Cantons du Pas de Calais - Statistiques

Statistiques générales
  • Ce quiz a été pris 42 fois
  • Le résultat moyen est 18 sur 39
Réponses sur la Carte
Les réponses sont colorées sur une échelle allant du rouge au vert en fonction du pourcentage des utilisateurs qui les ont devinées à leur premier essai. Vous pouvez retrouver ces pourcentages ci-dessous.
 
Statistiques - réponses
Canton % Correct
Saint Omer
96%
Lens
93%
Béthune
85%
Liévin
81%
Arras 1
67%
Arras 2
67%
Boulogne sur Mer 1
67%
Boulogne sur Mer 2
67%
Bruay la Buissière
67%
Calais 1
67%
Calais 3
67%
Arras 3
63%
Berck
63%
Calais 2
63%
Avion
59%
Carvin
48%
Etaples
48%
Saint Pol sur Ternoise
48%
Noeux les Mines
44%
Outreau
44%
Bapaume
37%
Bully les Mines
37%
Hénin Beaumont 1
37%
Hénin Beaumont 2
37%
Desvres
30%
Lillers
30%
Longuenesse
30%
Marck
30%
Aire sur la Lys
26%
Auchel
26%
Fruges
26%
Harnes
26%
Lumbres
26%
Wingles
26%
Auxi le Chateau
22%
Beuvry
19%
Douvrin
19%
Brebières
15%
Avesnes le Comte
11%
Aucun quiz correspondant
Distribution des résultats
% des personnes avec chaque résultat
Percentile par nombre de réponses
Votre historique - résultats
Vous n’avez pas pris ce quiz